| 000 | 00652nam a2200205 a 4500 | ||
|---|---|---|---|
| 005 | 20260415064213.0 | ||
| 008 | 050201s1999 ea r 000 0 eng d | ||
| 020 | _a0080433480 | ||
| 035 | _aUPN01000137194 | ||
| 049 | _aCG | ||
| 050 | 4 |
_aLB3051 _bA4.8 |
|
| 245 | 0 | 0 |
_aAdvances in measurement in educational research and assessment / _ced. Geofferey N. Masters. |
| 260 |
_aAmsterdam : _bPergamon, _c1999. |
||
| 300 |
_aviii, 292 p. : _bgráfs. |
||
| 650 | 4 |
_aMediciones y pruebas educativas _94299 |
|
| 650 | 4 |
_aEducación _xInvestigación _94070 |
|
| 650 | 4 |
_aEvaluación educativa _94298 |
|
| 700 | 1 |
_aMasters, Geofferey N., _eed. |
|
| 905 | _aLibro | ||
| 999 |
_c109345 _d109345 |
||